Survey of Economics (Record no. 5630)
[ view plain ]
| 000 -LEADER | |
|---|---|
| fixed length control field | 00460nam a22001577a 4500 |
| 008 - FIXED-LENGTH DATA ELEMENTS--GENERAL INFORMATION | |
| fixed length control field | 150911b xxu||||| |||| 00| 0 eng d |
| 020 ## - INTERNATIONAL STANDARD BOOK NUMBER | |
| International Standard Book Number | 0324019017 |
| 050 ## - LIBRARY OF CONGRESS CALL NUMBER | |
| Classification number | HB 171.5 .T75 2000 |
| 100 ## - MAIN ENTRY--PERSONAL NAME | |
| Personal name | Tucker Irvin B. |
| Dates associated with a name | 2000 |
| 245 ## - TITLE STATEMENT | |
| Title | Survey of Economics |
| 260 ## - PUBLICATION, DISTRIBUTION, ETC. (IMPRINT) | |
| Place of publication, distribution, etc. | Australia |
| Name of publisher, distributor, etc. | South Western College |
| Date of publication, distribution, etc. | 2000 |
| 300 ## - PHYSICAL DESCRIPTION | |
| Extent | xxvi, 550p:ill |
| Other physical details | includes index |
| 650 ## - SUBJECT ADDED ENTRY--TOPICAL TERM | |
| Topical term or geographic name as entry element | Economics |
| 760 ## - MAIN SERIES ENTRY | |
| Edition | 3rd ed |
| 942 ## - ADDED ENTRY ELEMENTS (KOHA) | |
| Source of classification or shelving scheme | |
| Koha item type | Hard Covered Materials |
| Classification part | HB 171.5 .T75 2000 |
| Withdrawn status | Lost status | Source of classification or shelving scheme | Damaged status | Not for loan | Home library | Current library | Date acquired | Source of acquisition | Total Checkouts | Full call number | Barcode | Date last seen | Date last checked out | Price effective from | Koha item type |
|---|---|---|---|---|---|---|---|---|---|---|---|---|---|---|---|
| MACHAKOS UNIVERSITY LIBRARY | MACHAKOS UNIVERSITY LIBRARY | 11/09/2015 | DONATION (BFA) | 1 | HB 171.5 .T75 2000 | 7969 | 03/06/2019 | 27/06/2016 | 11/09/2015 | Hard Covered Materials |